000 01195cam a2200277zu 4500
001 10104050
003 FRCYB10104050
005 20251020123501.0
006 m o d
007 cr un
008 251020s2005 fr | o|||||0|0|||fre d
020 _a9782847690538
035 _aFRCYB10104050
040 _aFR-PaCSA
_bfr
_c
_erda
100 1 _aPottier, François
245 0 1 _aLa compta ... sans comptes
_c['Pottier, François']
264 1 _bEMS Editions
_c2005
300 _a p.
336 _btxt
_2rdacontent
337 _bc
_2rdamdedia
338 _bc
_2rdacarrier
650 0 _a
700 0 _aPottier, François
856 4 0 _2Cyberlibris
_uhttps://international.scholarvox.com/netsen/book/10104050
_qtext/html
_a
520 _aEn appréhendant directement les conséquences des opérations de l'entreprise sur ses bilans et compte de résultat, sans utiliser les écritures comptables, cet ouvrage apporte au lecteur une vision synthétique de la comptabilité, lui permettant d'identifier immédiatement les conséquences de chaque décision sur la santé financière de l'entreprise. Cette deuxième édition est conforme aux nouvelles normes IFRS.
999 _c1554410
_d1554410